UBT Library

Ultra marathon running / (Record no. 40913)

000 -LEADER
fixed length control field 00740cam a22002414a 4500
001 - CONTROL NUMBER
control field 12453864
005 - DATE AND TIME OF LATEST TRANSACTION
control field 20180125043105.0
008 - FIXED-LENGTH DATA ELEMENTS--GENERAL INFORMATION
fixed length control field 010627s2002 nyua j b 001 0deng
010 ## - LIBRARY OF CONGRESS CONTROL NUMBER
LC control number 2001003841
020 ## - INTERNATIONAL STANDARD BOOK NUMBER
International Standard Book Number 0823935574 (lib. bdg.)
040 ## - CATALOGING SOURCE
Original cataloging agency DLC
Transcribing agency DLC
Modifying agency DLC
041 ## - LANGUAGE CODE
Language code of text/sound track or separate title eng
042 ## - AUTHENTICATION CODE
Authentication code pcc
-- lcac
080 ## - UNIVERSAL DECIMAL CLASSIFICATION NUMBER
Universal Decimal Classification number 796.4352 CHR
082 00 - DEWEY DECIMAL CLASSIFICATION NUMBER
Classification number 796.4352 CHR
Edition number 21
100 1# - Rafti
Rafti 48
101 ## - Shkurtesa
Shkurtesa EDU
245 10 - TITLE STATEMENT
Title Ultra marathon running /
Statement of responsibility, etc by Chris Hayhurst.
504 ## - BIBLIOGRAPHY, ETC. NOTE
Bibliography, etc Including bibliographical references and index.
906 ## - LOCAL DATA ELEMENT F, LDF (RLIN)
a 7
b cbc
c orignew
d 1
e ecip
f 20
g y-gencatlg
942 ## - ADDED ENTRY ELEMENTS (KOHA)
Source of classification or shelving scheme
Item type Books
Holdings
Withdrawn status Lost status Source of classification or shelving scheme Damaged status Not for loan Collection code Permanent location Current location Shelving location Date acquired Total Checkouts Full call number Barcode Date last seen Price effective from Koha item type
          Koleksioni i përgjithshem UBT - Lipjan UBT - Lipjan Koleksioni i përgjithshem 01/25/2018   796.4352 CHR 002-2996486 01/25/2018 01/25/2018 Books
UBT Library © 2015-2024. All rights reserved University Education for Business and Technology